000
00294nam a22001337a 4500
041
_a
ENG
100
_a
Kelly.S.G
245
_a
Fundamentals Of Mechanical Vibrations
250
_a
Second Ed
260
_a
Delhi
_b
NcGraw -Hill
_c
2000
300
_a
629
650
_a
FMP
856
_u
FMP ( 04 )
999
_c
1469
_d
1469